000 00807nam a22001577a 4500
003 OSt
005 20151026131126.0
008 151026b xxu||||| |||| 00| 0 eng d
040 _cRUA
082 _aAVM SOR 2013 B110 Or.1
100 _92910
_aSOR, PHANEIT.
245 _aEffect of three kind of antibiotics on diarrhea of suckling piglet in Cambodia-China breeding pig demonstration farm, ប្រសិទ្ធភាពអង់ទីប៊ីយ៉ូទិចបីប្រភេទលើជំងឺរាកកូនជ្រូកកំឡុងពេលបំបៅដោះក្នុងស្ថានីយចិញ្ចឹមជ្រូកពូជបង្ហាញ កម្ពុជា-ចិន
260 _aPhnom Penh
_bRUA
_c2013
300 _ax; 52p.
_bill.
_c29cm.
942 _2ddc
_cAVM
999 _c2728
_d2728